Normal view
MARC view
- Muhammad Abdul Basit
Entry Personal Name
001 - CONTROL NUMBER
- control field: 124799
003 - CONTROL NUMBER IDENTIFIER
- control field: NUST
005 - DATE AND TIME OF LATEST TRANSACTION
- control field: 20240725164954.0
008 - FIXED-LENGTH DATA ELEMENTS
- fixed length control field: 240725|| aca||aabn | a|a d
040 ## - CATALOGING SOURCE
- Original cataloging agency: NUST
- Transcribing agency: NUST
100 ## - HEADING--PERSONAL NAME
- Personal name: Muhammad Abdul Basit
670 ## - SOURCE DATA FOUND
- Source citation: Work cat.: (NUST): Muhammad Abdul Basit , The Constitution of the Islamic Republic of Pakistan, 2021.
